000 00577nam a2200193 a 4500
003 PILC
005 20150112093438.0
008 100722s19uu xx 00 eng d
020 _a9812448985
050 _aHD 30.28
_b.D249 2005
082 _aMnSF 658.401
_bD28 2003
100 _aDavid, Fred R.
_916846
245 _aStrategic management /
_cFred R. David
250 _a10th ed .
260 _aSingapore :
_bPearson Education South Asia Pte Ltd,
_c2005.
300 _a461 pages :
_bcolored illustration ;
_c29 cm.
650 _aManagement strategy
_916728
942 _2lcc
_cBK
999 _c14633
_d14633